000 00460nam a2200181Ia 4500
001 3962
005 20260306145721.0
008 260306t2018||||xx |||||||||||||| ||spa||
041 _aESP
082 _a306
_bB39
100 _aBellamy, François-Xavier,
_eAUT
245 0 _aLos desheredados :
_bpor qué es urgente transmitir la cultura
260 _c2018
300 _a171 páginas :
_c24 cm.
650 _aGEN
654 _aCHU
942 _cLIB
_dJUS
_fJUS
_2ddc
_n
999 _c3962
_d3962